[Event "EU-ch Online U2300 Qual"]
[Site "Chess.com INT"]
[Date "2020.05.25"]
[Round "4"]
[White "Hansch, Karsten"]
[Black "Petrovic, Zvonko"]
[Result "1-0"]
[WhiteElo "2300"]
[BlackElo "2145"]
[PlyCount "45"]
[EventDate "2020.05.25"]
[EventType "swiss"]
[EventRounds "8"]
[EventCountry "NET"]
[SourceTitle "EXT 2021"]
[Source "ChessBase"]
[SourceDate "2020.10.23"]
[SourceVersion "1"]
[SourceVersionDate "2020.10.23"]
[SourceQuality "1"]

1. e4 c5 2. Nf3 Nc6 3. Bb5 Qb6 4. Nc3 e6 5. Bxc6 Qxc6 6. d4 cxd4 7. Nxd4 Qc7 8. 0-0 a6 9. Re1 d6 10. Bg5 h6 11. Bh4 Be7 12. Bxe7 Nxe7 13. a4 0-0 14. Re3 e5 15. Nde2 Be6 16. Qd2 Rac8 17. Rd3 Rfd8 18. Rd1 Bc4 19. Rg3 Kh7 20. b3 Be6 21. Rd3 b6 22. Rxd6 b5 23. Rxd8 1-0

[Event "Zagreb op-B"]
[Site "Zagreb"]
[Date "2011.04.16"]
[Round "7"]
[White "Petrovic, Zvonko"]
[Black "Gabre, Zeljko"]
[Result "0-1"]
[WhiteElo "2210"]
[BlackElo "2117"]
[PlyCount "60"]
[EventDate "2011.04.11"]
[EventType "swiss"]
[EventRounds "9"]
[EventCountry "CRO"]
[SourceTitle "CBM 141 Extra"]
[Source "ChessBase"]
[SourceDate "2011.05.03"]
[SourceVersion "1"]
[SourceVersionDate "2011.05.03"]
[SourceQuality "1"]

1. Nf3 Nf6 2. g3 g6 3. Bg2 Bg7 4. 0-0 d6 5. d4 0-0 6. c4 Nc6 7. d5 Nb8 8. Nc3 Bg4 9. h3 Bxf3 10. Bxf3 Nbd7 11. e4 c6 12. Be3 Rc8 13. dxc6 bxc6 14. b4 c5 15. b5 Nb6 16. Be2 h5 17. a4 Qd7 18. a5 Nxc4 19. Bxc4 Qxh3 20. Be2 Ng4 21. Bxg4 hxg4 22. Nd5 Be5 23. Ra2 Kg7 24. f4 Rh8 25. Rg2 Bd4 26. Bxd4+ cxd4 27. Nxe7 Rc4 28. Nc6 Kf8 29. Nxd4 Ke7 30. Ne2 Qh1+ 0-1

[Event "Zagreb op-B"]
[Site "Zagreb"]
[Date "2011.04.15"]
[Round "5"]
[White "Petrovic, Zvonko"]
[Black "Dragojevic, Miodrag"]
[Result "1-0"]
[WhiteElo "2210"]
[BlackElo "2156"]
[PlyCount "65"]
[EventDate "2011.04.11"]
[EventType "swiss"]
[EventRounds "9"]
[EventCountry "CRO"]
[SourceTitle "CBM 141 Extra"]
[Source "ChessBase"]
[SourceDate "2011.05.03"]
[SourceVersion "1"]
[SourceVersionDate "2011.05.03"]
[SourceQuality "1"]

1. Nf3 b6 2. g3 Bb7 3. Bg2 c5 4. 0-0 e6 5. d3 f5 6. e4 fxe4 7. Ng5 Nf6 8. Nc3 Nc6 9. dxe4 e5 10. Nd5 Be7 11. Nxe7 Qxe7 12. c3 0-0 13. Qc2 Rad8 14. h3 Na5 15. Re1 Kh8 16. b3 Nc6 17. Nf3 b5 18. a3 a5 19. Bg5 b4 20. axb4 axb4 21. cxb4 Nxb4 22. Qc3 d6 23. Nh4 g6 24. f4 Kg7 25. f5 Nc6 26. Qd2 Nd4 27. Bh6+ Kg8 28. fxg6 Rfe8 29. Qg5 Kh8 30. Ra7 Rd7 31. Rf1 Bxe4 32. Rxf6 Bxg6 33. Rxd7 1-0

[Event "CRO-chT2b"]
[Site "Croatia"]
[Date "2009.10.25"]
[Round "9"]
[White "Petrovic, Zvonko"]
[Black "Dutina, Dario"]
[Result "1-0"]
[WhiteElo "2250"]
[BlackElo "2321"]
[PlyCount "81"]
[EventDate "2009.03.01"]
[EventType "team-tourn"]
[EventRounds "11"]
[EventCountry "CRO"]
[SourceTitle "EXT 2011"]
[Source "ChessBase"]
[SourceDate "2010.11.26"]
[SourceVersion "1"]
[SourceVersionDate "2010.11.26"]
[SourceQuality "1"]

1. Nf3 d6 2. d4 Bg4 3. c4 Bxf3 4. exf3 c6 5. Nc3 Nf6 6. Be2 d5 7. 0-0 e6 8. c5 b6 9. b4 a5 10. Na4 Nfd7 11. b5 bxc5 12. dxc5 Be7 13. Be3 0-0 14. Rb1 Qc7 15. Qb3 Rd8 16. Rfc1 Qe5 17. f4 Qf6 18. Rd1 Nf8 19. bxc6 Nxc6 20. Qb7 Rdc8 21. Nb6 Rab8 22. Nxc8 Rxb7 23. Rxb7 Ng6 24. Rc7 d4 25. Rxc6 dxe3 26. Nxe7+ Qxe7 27. Rc8+ Nf8 28. fxe3 g5 29. Rdd8 gxf4 30. Rxf8+ Kg7 31. exf4 Qf6 32. g3 Qa1+ 33. Kf2 Qd4+ 34. Kg2 Qb2 35. Kf1 Qxa2 36. Rfd8 a4 37. c6 a3 38. c7 Qb1+ 39. Rd1 a2 40. Ra8 Qe4 41. c8Q 1-0

[Event "Zagreb op-B"]
[Site "Zagreb"]
[Date "2009.03.28"]
[Round "8"]
[White "Petrovic, Zvonko"]
[Black "Ryznar, Vladimir"]
[Result "1-0"]
[WhiteElo "2256"]
[BlackElo "2143"]
[PlyCount "27"]
[EventDate "2009.03.21"]
[EventType "swiss"]
[EventRounds "9"]
[EventCountry "CRO"]
[SourceTitle "CBM 129 Extra"]
[Source "ChessBase"]
[SourceDate "2009.05.05"]
[SourceVersion "2"]
[SourceVersionDate "2009.05.20"]
[SourceQuality "1"]

1. Nf3 c5 2. g3 d5 3. Bg2 Nc6 4. d4 cxd4 5. Nxd4 e5 6. Nxc6 bxc6 7. 0-0 Nf6 8. c4 Be6 9. Nc3 Qd7 10. Qa4 Bc5 11. cxd5 Nxd5 12. Rd1 0-0 13. Nxd5 cxd5 14. Qxd7 1-0

[Event "Zagreb op"]
[Site "Zagreb"]
[Date "2007.03.19"]
[Round "3"]
[White "Babic, Bozidar"]
[Black "Petrovic, Zvonko"]
[Result "1/2-1/2"]
[WhiteElo "2013"]
[BlackElo "2276"]
[PlyCount "99"]
[EventDate "2007.03.17"]
[EventType "swiss"]
[EventRounds "9"]
[EventCountry "CRO"]
[SourceTitle "CBM 117 Extra"]
[Source "ChessBase"]
[SourceDate "2007.05.09"]
[SourceVersion "1"]
[SourceVersionDate "2007.05.09"]
[SourceQuality "1"]

1. e4 c5 2. Nf3 Nc6 3. d4 cxd4 4. Nxd4 Nf6 5. Nxc6 bxc6 6. Bd3 e5 7. 0-0 Be7 8. c4 0-0 9. Nc3 d6 10. h3 Be6 11. Qe2 Qc7 12. f4 exf4 13. Bxf4 Nd7 14. b3 Bf6 15. Rac1 Be5 16. Bxe5 Nxe5 17. Bb1 Rad8 18. Kh1 Rfe8 19. Qf2 Bc8 20. Ne2 Re6 21. Nf4 Rh6 22. Rc3 Qe7 23. Kg1 Ba6 24. Rd1 Rf6 25. Qg3 Kh8 26. Nh5 Rg6 27. Qf2 Qg5 28. Ng3 Rf6 29. Qe2 g6 30. Kh2 c5 31. Rf1 Bc8 32. Rcc1 Kg7 33. Rxf6 Qxf6 34. Rf1 Qh4 35. Qe1 Qg5 36. Qf2 Be6 37. Ne2 a5 38. Nc3 Nc6 39. Nb5 Qe5+ 40. Kh1 a4 41. Bc2 axb3 42. axb3 Ra8 43. Bd1 Ra1 44. Nc7 Nd4 45. Qb2 Ra7 46. Ne8+ Kf8 47. Nf6 h5 48. Qd2 Kg7 49. Ne8+ Kf8 50. Nf6 1/2-1/2

[Event "Zagreb op"]
[Site "Zagreb"]
[Date "2007.03.17"]
[Round "1"]
[White "Purgar, Ivona"]
[Black "Petrovic, Zvonko"]
[Result "1-0"]
[WhiteElo "1960"]
[BlackElo "2276"]
[PlyCount "61"]
[EventDate "2007.03.17"]
[EventType "swiss"]
[EventRounds "9"]
[EventCountry "CRO"]
[SourceTitle "CBM 117 Extra"]
[Source "ChessBase"]
[SourceDate "2007.05.09"]
[SourceVersion "1"]
[SourceVersionDate "2007.05.09"]
[SourceQuality "1"]

1. e4 c5 2. Nf3 Nc6 3. d4 cxd4 4. Nxd4 Nf6 5. Nc3 d6 6. Be2 e5 7. Nb3 Be7 8. 0-0 0-0 9. Be3 a5 10. a3 Be6 11. f4 exf4 12. Bxf4 Qb6+ 13. Kh1 a4 14. Nd5 Bxd5 15. exd5 axb3 16. dxc6 bxc2 17. Qxc2 bxc6 18. Bf3 d5 19. Rfe1 Rfe8 20. b4 c5 21. bxc5 Bxc5 22. a4 Bb4 23. Rxe8+ Rxe8 24. Bg3 Ne4 25. Bxe4 dxe4 26. a5 Qd4 27. Rd1 Qc3 28. Qa4 Kf8 29. a6 e3 30. Be1 e2 31. Qxb4+ 1-0

[Event "CRO-chT"]
[Site "Pula"]
[Date "2001.09.10"]
[Round "1"]
[White "Rezan, Sasa"]
[Black "Petrovic, Zvonko"]
[Result "1-0"]
[WhiteElo "2323"]
[BlackElo "2268"]
[PlyCount "65"]
[EventDate "2001.09.10"]
[EventType "team"]
[EventRounds "9"]
[EventCountry "CRO"]
[SourceTitle "CBM 084 Extra"]
[Source "ChessBase"]
[SourceDate "2001.10.26"]
[SourceVersion "1"]
[SourceVersionDate "2001.10.26"]
[SourceQuality "1"]

1. c4 Nf6 2. Nc3 g6 3. e4 d6 4. d4 Bg7 5. Be2 0-0 6. Nf3 c6 7. 0-0 a5 8. Bg5 h6 9. Be3 Ng4 10. Bf4 Qb6 11. h3 e5 12. Bg3 Nf6 13. dxe5 dxe5 14. Bxe5 Nbd7 15. Bd6 Re8 16. Na4 Qa7 17. Nd2 Nxe4 18. Nxe4 Rxe4 19. Bd3 Rd4 20. c5 Ne5 21. Bxe5 Bxe5 22. Re1 Bf5 23. Rxe5 Rxd3 24. Qe2 Rad8 25. Re8+ Rxe8 26. Qxe8+ Kg7 27. Re1 Rd5 28. Re7 Be6 29. Kh2 Rxc5 30. Rxe6 Rf5 31. Re2 Qd4 32. Nc3 Qf4+ 33. g3 1-0

[Event "CRO-chT2"]
[Site "Pula"]
[Date "1998.??.??"]
[Round "6"]
[White "Bistric, Faruk"]
[Black "Petrovic, Zvonko"]
[Result "1-0"]
[WhiteElo "2430"]
[BlackElo "2275"]
[PlyCount "41"]
[EventDate "1998.??.??"]
[EventType "team"]
[EventRounds "9"]
[EventCountry "CRO"]
[SourceTitle "EXT 2000"]
[Source "ChessBase"]
[SourceDate "1999.11.16"]
[SourceVersion "1"]
[SourceVersionDate "1999.11.16"]
[SourceQuality "1"]

1. Nf3 Nf6 2. g3 g6 3. c4 Bg7 4. Bg2 0-0 5. d4 c5 6. Nc3 cxd4 7. Nxd4 Nc6 8. 0-0 Nxd4 9. Qxd4 d6 10. Qd3 Rb8 11. Bd2 a6 12. Rac1 Be6 13. b3 Qd7 14. a4 Bh3 15. e4 Bxg2 16. Kxg2 Rfd8 17. f3 e6 18. Rfd1 Qc6 19. Be3 Nd7 20. Qxd6 Ne5 21. Qxd8+ 1-0

[Event "CRO-chT2"]
[Site "Pula"]
[Date "1998.??.??"]
[Round "7"]
[White "Petrovic, Zvonko"]
[Black "Smuk, Zelimir"]
[Result "1-0"]
[WhiteElo "2275"]
[BlackElo "2185"]
[PlyCount "81"]
[EventDate "1998.??.??"]
[EventType "team"]
[EventRounds "9"]
[EventCountry "CRO"]
[SourceTitle "EXT 2000"]
[Source "ChessBase"]
[SourceDate "1999.11.16"]
[SourceVersion "1"]
[SourceVersionDate "1999.11.16"]
[SourceQuality "1"]

1. Nf3 Nf6 2. g3 g6 3. Bg2 Bg7 4. 0-0 c5 5. c4 0-0 6. d4 cxd4 7. Nxd4 Nc6 8. Nc2 d6 9. Nc3 a6 10. b3 Bd7 11. Bb2 Qc8 12. Nd5 Nxd5 13. Bxg7 Kxg7 14. cxd5 Ne5 15. Rc1 Qd8 16. Qd4 Kg8 17. h3 f5 18. f4 Nf7 19. Qb4 b5 20. Nd4 Qb6 21. Kh2 a5 22. Qd2 Rac8 23. e4 Rxc1 24. Rxc1 Rc8 25. Rxc8+ Bxc8 26. Nc6 Qc5 27. Nxe7+ Kf8 28. Nc6 b4 29. e5 dxe5 30. fxe5 Qc3 31. Qf4 g5 32. Qf2 Nxe5 33. Nxe5 Qxe5 34. Qc5+ Kg7 35. Qxc8 f4 36. Qg4 h5 37. Qf3 h4 38. gxf4 gxf4 39. Qe4 Qc7 40. Qd4+ Kf7 41. d6 1-0

[Event "CRO-chT2"]
[Site "Medulin"]
[Date "1997.??.??"]
[Round "?"]
[White "Muhvic, Damir"]
[Black "Petrovic, Zvonko"]
[Result "1-0"]
[WhiteElo "2205"]
[BlackElo "2285"]
[PlyCount "93"]
[EventDate "1997.??.??"]
[EventType "team"]
[EventRounds "9"]
[EventCountry "CRO"]
[SourceTitle "EXT 1999"]
[Source "ChessBase"]
[SourceDate "1998.11.16"]
[SourceVersion "1"]
[SourceVersionDate "1998.11.16"]
[SourceQuality "1"]

1. d4 Nf6 2. Nf3 g6 3. c4 Bg7 4. g3 0-0 5. Bg2 d6 6. Nc3 Nc6 7. 0-0 e5 8. d5 Ne7 9. e4 c5 10. Ne1 Ne8 11. Nd3 f5 12. f4 b6 13. fxe5 dxe5 14. Qe2 Nd6 15. b3 fxe4 16. Rxf8+ Qxf8 17. Nxe4 Nef5 18. Bg5 Nd4 19. Qf1 Bf5 20. Ndf2 h6 21. Bd2 Qe7 22. Nxd6 Qxd6 23. Ne4 Qd7 24. Qd3 Rf8 25. Rf1 a5 26. h4 Bxe4 27. Rxf8+ Bxf8 28. Qxe4 Qf5 29. g4 Qxe4 30. Bxe4 Kg7 31. Kg2 Be7 32. Be1 Kf6 33. Bg3 Ne2 34. g5+ hxg5 35. hxg5+ Kxg5 36. Bxe5 Bd8 37. Kf3 Nd4+ 38. Ke3 Nf5+ 39. Kf3 Nh4+ 40. Kg3 Nf5+ 41. Kh3 Nd4 42. Kg3 Nf5+ 43. Kf3 Nh4+ 44. Ke3 Nf5+ 45. Kd3 Kg4 46. Bb8 Kg5 47. d6 1-0

[Event "CRO-Cup"]
[Site "Pula"]
[Date "1997.??.??"]
[Round "?"]
[White "Susak, Zeljko"]
[Black "Petrovic, Zvonko"]
[Result "1/2-1/2"]
[WhiteElo "2235"]
[BlackElo "2285"]
[PlyCount "115"]
[EventDate "1997.??.??"]
[EventType "team"]
[EventRounds "5"]
[EventCountry "CRO"]
[SourceTitle "EXT 1998"]
[Source "ChessBase"]
[SourceDate "1997.11.17"]
[SourceVersion "1"]
[SourceVersionDate "1997.11.17"]
[SourceQuality "1"]

1. e4 c5 2. c3 e6 3. d4 d5 4. exd5 exd5 5. Be3 c4 6. b3 cxb3 7. axb3 Nf6 8. Bd3 Nc6 9. Nf3 Qc7 10. Na3 a6 11. Qc1 Bg4 12. Nd2 Be7 13. h3 Bh5 14. 0-0 Bg6 15. Bxg6 hxg6 16. Bg5 Rc8 17. Bxf6 Bxf6 18. Qd1 0-0 19. Nc2 Qf4 20. Ne3 Ne7 21. Rc1 Rc6 22. g3 Qc7 23. Nb1 b5 24. b4 Rc8 25. Rc2 Qd7 26. Kg2 R8c7 27. Ra2 Re6 28. Qf3 Bg5 29. Ng4 Bf6 30. Ne3 Qc6 31. Re2 Ra7 32. Ra2 Rd7 33. Rd1 Nc8 34. Ra3 Bg5 35. Ng4 f6 36. h4 Bh6 37. Nxh6+ gxh6 38. Nd2 Rc7 39. Nf1 Nd6 40. Rda1 Ra7 41. h5 Nc4 42. R3a2 Re4 43. hxg6 Kg7 44. g4 Qe6 45. Ng3 Qxg4 46. Qxg4 Rxg4 47. Kh3 Rxg6 48. Rxa6 Rxa6 49. Rxa6 Kf7 50. Nh5 Nd2 51. Ra7+ Ke8 52. Ng7+ Kf8 53. Ne6+ Kg8 54. Nc7 Nf3 55. Nxb5 Ng1+ 56. Kh4 Rg5 57. Nd6 Nf3+ 58. Kh3 1/2-1/2

[Event "CRO-chT"]
[Site "Makarska Tucepi"]
[Date "1995.??.??"]
[Round "?"]
[White "Petrovic, Zvonko"]
[Black "Rosandic, Denis"]
[Result "1-0"]
[WhiteElo "2285"]
[BlackElo "2305"]
[PlyCount "117"]
[EventDate "1995.??.??"]
[EventType "team"]
[EventRounds "8"]
[EventCountry "CRO"]
[SourceTitle "EXT 1997"]
[Source "ChessBase"]
[SourceDate "1996.11.15"]
[SourceVersion "1"]
[SourceVersionDate "1996.11.15"]
[SourceQuality "1"]

1. Nf3 d5 2. g3 c6 3. Bg2 Bg4 4. b3 e6 5. Bb2 Nd7 6. d3 Ngf6 7. Nbd2 Bd6 8. h3 Bh5 9. e4 e5 10. 0-0 0-0 11. g4 Bg6 12. Nh4 dxe4 13. dxe4 Bc5 14. Nf5 Re8 15. a3 a5 16. Nc4 Qc7 17. Bc3 Bf8 18. Qd2 a4 19. b4 Nb6 20. Nce3 Rad8 21. Qe2 Nc8 22. Rfd1 Na7 23. Bb2 Nb5 24. c3 Qb8 25. Rxd8 Rxd8 26. Rd1 Nc7 27. c4 Rxd1+ 28. Qxd1 Ne6 29. Qxa4 Nf4 30. Qc2 h5 31. Bf1 Nh7 32. Nh4 Ng5 33. Nxg6 Nxg6 34. Bg2 Nf4 35. h4 Nxg2 36. Kxg2 Ne6 37. f3 Nf4+ 38. Kg3 hxg4 39. fxg4 f6 40. c5 Qd8 41. Qd1 Qe8 42. Qb3+ Kh7 43. h5 g6 44. hxg6+ Qxg6 45. Nf5 Kh8 46. Qc2 Ne6 47. Bc1 Ng5 48. Qd3 Nf7 49. Be3 Nh6 50. Bxh6 Bxh6 51. Qd8+ Kh7 52. Qc7+ Kh8 53. Qb8+ Kh7 54. Qxb7+ Kh8 55. Qxc6 Qg5 56. Qc8+ Kh7 57. Qd7+ Kh8 58. Qd3 Qf4+ 59. Kh3 1-0